| 000 | 00751nam a2200181Ia 4500 | ||
|---|---|---|---|
| 003 | GCL | ||
| 008 | 140319s9999 xx 000 0 ara d | ||
| 040 |
_aGCL / _cGCL |
||
| 082 | 0 | 4 |
_a027.0531 _bع م |
| 100 | 1 | _aعبدالوهاب ابراهيم ابوسليمان | |
| 245 | 1 | 0 |
_aمكتبة مكة المكرمة : _bدراسة موجزة لموقعها وادواتها ومجموعاتها / _cعبدالوهاب ابراهيم ابوسليمان |
| 260 |
_aالرياض : _bمكتبة الملك فهد الوطنية ، _c1995 |
||
| 300 |
_a113 ص ؛ _c24 سم |
||
| 650 | 0 | 4 | _aالمكتبات - تنظيم وادارة |
| 650 | 0 | 4 | _aالمكتبات - السعودية |
| 650 | 0 | 4 | _aالمكتبات - مكة المكرمة |
| 942 |
_2ddc _cBK |
||
| 999 |
_c6916 _d6916 |
||